Países con menos contaminación del aire - Estadísticas

Estadísticas generales
  • Esta prueba ha sido intentada 63 veces
  • La puntuación promedio es 13 de 21
Estadísticas de respuestas
μg/m3 población país % Correcto
7,0 5,4 mil Noruega
88%
5,9 5,6 mil Finlandia
87%
6,2 10 mil Suecia
87%
6,5 < 1 mil Islandia
83%
8,6 25 mil Australia
82%
6,4 37 mil Canadá
82%
10 5,8 mil Dinamarca
80%
8,2 4,8 mil Irlanda
77%
6,0 4,8 mil Nueva Zelanda
77%
9,7 46 mil España
68%
10,3 8,6 mil Suiza
68%
6,7 1,3 mil Estonia
65%
10,5 67 mil Reino Unido
65%
10,4 < 1 mil Luxemburgo
62%
7,4 329 mil Estados Unidos
60%
8,2 10,3 mil Portugal
60%
10,3 < 1 mil Andorra
57%
9,3 3,5 mil Uruguay
30%
7,8 < 1 mil Maldivas
20%
10,2 < 1 mil Islas Marshall
15%
5,9 < 1 mil Brunéi
13%
No se encontraron pruebas coincidentes
Distribución de puntuación
Porcentaje de gente con cada puntuación
Porcentaje por número respondido
Historial de tus puntuaciones
No has intentado esta prueba.